Akasathinte Athirukal (Record no. 54286)

MARC details
000 -LEADER
fixed length control field 00859nam a2200265Ia 4500
003 - CONTROL NUMBER IDENTIFIER
control field OSt
005 - DATE AND TIME OF LATEST TRANSACTION
control field 20260519114456.0
008 - FIXED-LENGTH DATA ELEMENTS--GENERAL INFORMATION
fixed length control field 211109s9999||||xx |||||||||||||| ||und||
020 ## - INTERNATIONAL STANDARD BOOK NUMBER
International Standard Book Number 9788171308033
040 ## - CATALOGING SOURCE
Transcribing agency SBCL
082 ## - DEWEY DECIMAL CLASSIFICATION NUMBER
Classification number 894.8123
Item number KAK-A
100 ## - MAIN ENTRY--PERSONAL NAME
Personal name Kakkattil, Akbar
245 #0 - TITLE STATEMENT
Title Akasathinte Athirukal
260 ## - PUBLICATION, DISTRIBUTION, ETC.
Name of publisher, distributor, etc. D c Books
Place of publication, distribution, etc. Kottayam
Date of publication, distribution, etc. 1998
300 ## - PHYSICAL DESCRIPTION
Extent 91p.
630 ## - SUBJECT ADDED ENTRY--UNIFORM TITLE
General subdivision Literature & rhetoric 
650 ## - SUBJECT ADDED ENTRY--TOPICAL TERM
Topical term or geographic name entry element Literatures of other languages 
650 ## - SUBJECT ADDED ENTRY--TOPICAL TERM
Topical term or geographic name entry element Literatures of Altaic, Uralic, Hyperborean, Dravidian languages; literatures of miscellaneous languages of south Asia 
650 ## - SUBJECT ADDED ENTRY--TOPICAL TERM
Topical term or geographic name entry element Dravidian literatures 
650 ## - SUBJECT ADDED ENTRY--TOPICAL TERM
Topical term or geographic name entry element South Dravidian languages 
650 ## - SUBJECT ADDED ENTRY--TOPICAL TERM
Topical term or geographic name entry element Malayalam 
650 ## - SUBJECT ADDED ENTRY--TOPICAL TERM
Topical term or geographic name entry element Malayalam fiction
942 ## - ADDED ENTRY ELEMENTS (KOHA)
Koha item type BOOK
650 ## - SUBJECT ADDED ENTRY--TOPICAL TERM
Form subdivision Existentialism in literature
General subdivision Manners and customsExistentialismMalayalam
Holdings
Withdrawn status Lost status Source of classification or shelving scheme Damaged status Not for loan Home library Current library Date acquired Cost, normal purchase price Full call number Barcode Shelving location Date last seen Price effective from Koha item type
    Dewey Decimal Classification     SB LIBRARY SB LIBRARY 09/11/2021 35.00 894.8123 KAK-A 00096694 GENERAL STACK 20/05/2026 09/11/2021 BOOK

Powered by Koha